Entropía para biólogos: introducción a la termodinámica biológica

Enregistré dans:
Détails bibliographiques
Auteur principal: Morowitz, Harold (autor)
Format: Livre
Langue:espagnol
Publié: Madrid H. Blume 1971
Sujets:
Tags: Ajouter un tag
Pas de tags, Soyez le premier à ajouter un tag!

MARC

LEADER 00000nam a2200000 a 4500
001 UCU1789
003 CL-VaPUC
008 960412e19710000SP |||||||||||||||||spa|d
082 0 4 |a 536.7  |b MOR  |2 21 
100 |a Morowitz, Harold  |e autor  |9 357584 
245 1 0 |a Entropía para biólogos: introducción a la termodinámica biológica 
300 |a 194 p 
942 |c BK 
945 |d 19960412 00:00:00  |a rleighto 
260 |a Madrid  |b H. Blume  |c 1971 
650 0 |a Termodinámica   |9 259320 
650 7 |a PROPIEDADES TERMODINAMICAS  |2 CL-VaPUC  |9 357585 
650 7 |a TEMPERATURA  |2 CL-VaPUC  |9 357586 
650 0 |a Energía   |9 259431 
650 7 |a ENERGIA MECANICA  |2 CL-VaPUC  |9 265043 
650 0 |a Energía térmica  |9 357587 
650 7 |a TEORIA CINETICA  |2 CL-VaPUC  |9 355304 
650 0 |a Mecánica estadística  |9 261055 
650 0 |a Biología  |9 262022 
583 |a last modification  |c 19960412 00:00:00  |k Rodrigo Vera 
999 |c 246300  |d 246298 
952 |0 0  |1 0  |4 0  |6 536_700000000000000_MOR_1971  |7 0  |8 A  |9 261153  |a BIBCUR  |b BIBCUR  |d 2019-11-19  |i 3179532  |o 536.7 MOR 1971  |p 3179532  |r 2025-04-22  |w 2019-11-19  |y BK  |k BCB 
952 |0 0  |1 0  |4 0  |6 536_700000000000000_MOR_1971  |7 0  |8 A  |9 261154  |a BIBCUR  |b BIBCUR  |d 2019-11-19  |i 3195686  |l 1  |o 536.7 MOR 1971  |p 3195686  |r 2025-04-22  |s 2022-03-23  |w 2019-11-19  |y BK  |k BCB